VI Jornadas de Cooperación Educativa con Iberoamérica sobre educación especial e inclusión educativa: estrategias para el desarrollo de escuelas y aulas inclusivas

Gorde:
Xehetasun bibliografikoak
Erakunde egilea: UNESCO (Egilea)
Formatua: Liburua
Hizkuntza:gaztelania
Argitaratua: Santiago UNESCO 2011
Gaiak:
Etiketak: Etiketa erantsi
Etiketarik gabe, Izan zaitez lehena erregistro honi etiketa jartzen!

MARC

LEADER 00000cam a2200000 a 4500
001 UCG8360
003 CL-VaPUC
005 20211016074440.0
008 111202e20110600cl 1 spa d
082 0 4 |a 371.9  |b UNE  |2 21 
110 2 |a UNESCO  |e author  |9 621798 
245 1 0 |a VI Jornadas de Cooperación Educativa con Iberoamérica sobre educación especial e inclusión educativa: estrategias para el desarrollo de escuelas y aulas inclusivas 
260 |a Santiago  |b UNESCO  |c 2011 
300 |a 156 p 
583 |a last modification  |c 20190908 07:52:19  |k Rodrigo Vera 
650 0 0 |a Integración escolar  |9 312238 
650 0 0 |a Integración social  |9 319662 
650 0 0 |a Educación inclusiva   |9 560584 
942 |c BK 
945 |a dcastane  |d 20111202 00:00:00 
546 |a En Español 
536 |a UNESCO 
518 |p Jornadas de Cooperación Educativa con Iberoamérica sobre educación especial e inclusión educativa, 6, La Antigua-Guatemala, 5 al 9 de octubre de 2009 
999 |c 384634  |d 384632 
952 |0 0  |1 0  |4 0  |6 371_900000000000000_UNE_2011  |7 0  |8 A  |9 507487  |a BIBEDU  |b BIBEDU  |c ES_NOD  |d 2020-01-23  |i 480502K  |l 1  |o 371.9 UNE 2011  |p 480502K  |r 2023-11-03  |s 2023-11-03  |w 2020-01-23  |y BK  |k EPE